header

Tuck everlasting (Record no. 263789)

MARC details
000 -LEADER
fixed length control field 00449nam a22001817a 4500
003 - CONTROL NUMBER IDENTIFIER
control field OSt
005 - DATE AND TIME OF LATEST TRANSACTION
control field 20240611093905.0
008 - FIXED-LENGTH DATA ELEMENTS--GENERAL INFORMATION
fixed length control field 240611b xxu||||| |||| 00| 0 eng d
020 ## - INTERNATIONAL STANDARD BOOK NUMBER
International Standard Book Number 9780312369811
040 ## - CATALOGING SOURCE
Transcribing agency N/A
050 ## - LIBRARY OF CONGRESS CALL NUMBER
Classification number PZ7
Item number .B1135
100 ## - MAIN ENTRY--PERSONAL NAME
Personal name Natalie Babbitt.
245 ## - TITLE STATEMENT
Title Tuck everlasting
250 ## - EDITION STATEMENT
Edition statement 1st Square Fish ed.
260 ## - PUBLICATION, DISTRIBUTION, ETC. (IMPRINT)
Place of publication, distribution, etc New York
Name of publisher, distributor, etc Macmillan Publishing group
Date of publication, distribution, etc 1975
300 ## - PHYSICAL DESCRIPTION
Other physical details 148 p.; 20 cm.
942 ## - ADDED ENTRY ELEMENTS (KOHA)
Source of classification or shelving scheme Library of Congress Classification
Koha item type Long Loan Books
Holdings
Withdrawn status Lost status Source of classification or shelving scheme Damaged status Not for loan Collection code Home library Current library Shelving location Date acquired Total Checkouts Full call number Barcode Date last seen Price effective from Koha item type
    Library of Congress Classification     Fiction Children's Library Children's Library Children's Area 29/07/2025   PZ7 .B1135 CL20243663 29/07/2025 29/07/2025 Long Loan Books
    Library of Congress Classification     Fiction Rongo University Library Rongo University Library Children's Area 11/06/2024   PZ7 .B1135 1975 CL20243488 11/06/2024 11/06/2024 Long Loan Books

© 2026 Rongo University
Contact us: librarian | system librarian | Rongo university